Normal view
MARC view
- الأدباء المصريون - تراجم - مصر - تاريخ - القرن العشرين
Entry Topical Term
001 - CONTROL NUMBER
- control field: 39372
003 - CONTROL NUMBER IDENTIFIER
- control field: JO-AjAnu
005 - DATE AND TIME OF LATEST TRANSACTION
- control field: 20230606080541.0
008 - FIXED-LENGTH DATA ELEMENTS
- fixed length control field: 230606|| aca||aabn | a|a d
040 ## - CATALOGING SOURCE
- Original cataloging agency: JO-AjAnu
- Transcribing agency: JO-AjAnu
150 ## - HEADING--TOPICAL TERM
- Topical term or geographic name entry element: الأدباء المصريون - تراجم - مصر - تاريخ - القرن العشرين
670 ## - SOURCE DATA FOUND
- Source citation: Work cat.: (JO-AjAnu)20190: تأليف إبراهيم، أحمد, author 39371, العقاد وأسرة محمد علي